000 01164nkm a2200361 c 4500
999 _c211980
_d211980
003 BLK
005 20200430104338.0
008 180413b bul rap|r|||| r0| ||bulo|
010 _aKNG00199234000
020 _a1-55521-281-6
040 _aBLK
041 _aENG
_cENG
072 7 _2bullib
_aН70
_xИзкуства Н
080 _aФотография. Кинематография
_b77
_x(515)(084.12)
_z77(515)(084.12)
139 _aTibet
_bТ 54
_fТ 52
_gТ 54
245 1 0 _aTibet
_cphotogr. Magnus Bartlett; text by Julia Wilkinson.
257 _aUSA
260 _bChartwell Books
_c1988
_fprint. in Hong Kong
300 _aАлбум (79 p.)
_bill.
_c29 cm
380 _a7
650 4 _aТибет
_9179656
651 4 _aТибет
_9179656
653 _aТибет
653 _aфотоалбуми
659 _aН
700 1 _aBartlett, Magnus
_ephotogr.
_9353014
700 1 _aWilkinson, Julia
_etext by
_9353015
852 _aЦб Гр А ІІ 5042
856 4 _qpdf
_u
856 4 _qpdf
_u
942 _cGRA
_n0
_s1
944 _aCR
_c16.01.2017
_lф /
_kВиолета_Тройчева
944 _aED
_c16.11.2017
_lф /
_kЛюдмила_Стоянова
999 _d211980